" Dumping social": una nueva condicionalidad en las relaciones económicas
Spremljeno u:
| Format: | Tekst |
|---|---|
| Teme: | |
| Oznake: |
Dodaj oznaku
Bez oznaka, Budi prvi tko označuje ovaj zapis!
|
MARC
| LEADER | 00000 a a2200000 04500 | ||
|---|---|---|---|
| 001 | 2487 | ||
| 003 | |||
| 040 | |||
| 245 | |a " Dumping social": |b una nueva condicionalidad en las relaciones económicas | ||
| 500 | |a Resumen del documento "El dumping social: la política social como política comercial" (SP/CL/XX.0/DI n. 4), XX Consejo Latinoamericano del SELA, México 30 mayo-3 junio 1994 | ||
| 650 | |a TLC | ||
| 650 | |a POLITICA SOCIAL | ||
| 650 | |a POLITICA COMERCIAL | ||
| 650 | |a LEGISLACION LABORAL | ||
| 650 | |a DERECHOS HUMANOS | ||
| 650 | |a ACUERDOS INTERNACIONALES | ||
| 773 | |g número 39; páginas 59-74 | ||
| 999 | |c 33059 |d 33059 | ||
